01610cam a2200301 450000100060000000300080000600500170001400800410003103500190007204000270009104100080011808200210012610000400014724502530018726000370044030000270047750001110050450000520061550001950066750000630086250000840092565100590100965100480106865100710111665100500118765100510123770000200128824677BD-RjUL20211209001102.0140315t198 enkaf 000 0 eng d a(BD-RjUL)24746 aDLCbengcDLCdBD-RjUL aeng04a942.06bCLH 19881 aClarendon, Edward Hyde,d1609-1674.14aThe history of the rebellion and civil wars in England, begun in the year 1641 /cEdward, Earl of Clarendon ; re-edited from a fresh collation of the original ms. in the Bodleian Library, with marginal dates and occasional notes, by W. Dunn Macray. aOxford :bClarendon prees,c1888 aV-4 (513 p.) ;c20 cm. aEach volume is divided into two parts, but paged continuously; each part has a separate, dated title page. aVol. 2; pt. 1 and v. 3; pt. 1 have half titles. aVol. 2; pt. 1 states on t.p. verso "Imprimatur, Guil. Delaune Vice-Can. Oxon. Sept. 15. 1703.". Vol. 3; pt. 1 states on t.p. verso "Imprimatur, Guil. Delaune Vice-Can. Oxon. Oct. 16. 1704.". aEach part has engraved frontispiece portrait of Clarendon. aIncludes "An index to the three volumes of this history" at end of v. 3; pt. 2. 0aGreat BritainxHistoryyPuritan Revolution, 1642-1660. 0aGreat BritainxHistoryyStuarts, 1603-1714. 0aGreat BritainxHistoryyCivil War, 1642-1649vEarly works to 1800. 0aGreat BritainxHistoryyCharles I, 1625-1649. 0aGreat BritainxHistoryyCharles II, 1660-1685. aMacray, w. Dunn